书目信息 |
| 题名: |
走进南方局
|
|
| 作者: | 孙志慧 著 | |
| 分册: | ||
| 出版信息: | 重庆 重庆出版社 2010.08 |
|
| 页数: | 196页, [1] 叶图版 | |
| 开本: | 24cm | |
| 丛书名: | 溯游抗战重庆丛书 | |
| 单 册: | ||
| 中图分类: | D235.719 | |
| 科图分类: | ||
| 主题词: | ||
| 电子资源: | ||
| ISBN: | 978-7-5366-7036-5 | |
| 000 | 00877nam 2200253 450 | |
| 001 | CAL 012005059086 | |
| 005 | 20111226115129.89 | |
| 010 | @a978-7-5366-7036-5@dCNY26.00 | |
| 100 | @a20110823d2010 ekmy0chiy0121 ea | |
| 101 | 0 | @achi |
| 102 | @aCN@b500000 | |
| 105 | @aacfha 000yd | |
| 200 | 1 | @a走进南方局@AZou Jin Na Fang Ju@f孙志慧著 |
| 210 | @a重庆@c重庆出版社@d2010.08 | |
| 215 | @a196页, [1] 叶图版@c图, 肖像, 摹真@d24cm | |
| 225 | 2 | @a溯游抗战重庆丛书@ASu You Kang Zhan Chong Qing Cong Shu@v1 |
| 320 | @a有书目 | |
| 330 | @a血与火的搏击,反映在本书中却成了轻松愉快的奋斗,用新的视点了解中共南方局是此书的特点。 | |
| 410 | 0 | @12001 @a溯游抗战重庆丛书@v1 |
| 601 | 02 | @a中国共产党@AZhong Guo Gong Chan Dang@x地方组织@x史料@y重庆市 |
| 690 | @aD235.719@v4 | |
| 701 | 0 | @a孙志慧@ASun Zhi Hui@4著 |
| 801 | 0 | @aCN@bLHYZ@c20111226 |
| 905 | @aZUCC@dD235.719@eS980@f3 | |
| 走进南方局/孙志慧著.-重庆:重庆出版社,2010.08 |
| 196页, [1] 叶图版:图, 肖像, 摹真;24cm.-(溯游抗战重庆丛书;1) |
| ISBN 978-7-5366-7036-5:CNY26.00 |
| 血与火的搏击,反映在本书中却成了轻松愉快的奋斗,用新的视点了解中共南方局是此书的特点。 |
| ● |
| 相关链接 |
|
|
|
正题名:走进南方局
索取号:D235.719/S980
 
预约/预借
| 序号 | 登录号 | 条形码 | 馆藏地/架位号 | 状态 | 备注 |
| 1 | 1066726 | 210667269 | 社科库509/509社科库 69排1列4层/ [索取号:D235.719/S980] | 在馆 | |
| 2 | 1066727 | 210667278 | 社科库509/509社科库 69排1列4层/ [索取号:D235.719/S980] | 在馆 | |
| 3 | 1066728 | 210667287 | 社科库509/509社科库 69排1列4层/ [索取号:D235.719/S980] | 在馆 |